| 000 | 00575cam a22001571 4500 | ||
|---|---|---|---|
| 082 |
_a551.35 _bFOX _cL-15, P-36 |
||
| 100 | 1 |
_aFox, Cyril Sankey, _940315 |
|
| 245 | 1 | 4 |
_aThe geology of water supply ; _ba treatise dealing with the engineering geology aspects of water supply for all enquiring readers / _cby Cyril S. Fox. |
| 260 |
_aLondon, _bTechnical Press, _c1949. |
||
| 300 |
_ax, 209 p. _billus., _c26 cm. |
||
| 526 |
_a0 _b0 _c0 _d551_350000000000000_FOX |
||
| 650 | 0 |
_aNUST / MCE _926909 |
|
| 650 | 0 |
_aPhysical geography. _96660 |
|
| 650 | 0 | _aWater-supply. | |
| 942 |
_2ddc _cBK |
||
| 999 |
_c544639 _d544639 |
||